| 000 | 00869cam a22002535a 4500 | ||
|---|---|---|---|
| 001 | 12869493 | ||
| 005 | 20201124142932.0 | ||
| 008 | 150406t2015 si a fr 001 0 eng d | ||
| 020 | _z9781119062462 | ||
| 040 |
_aCaPaEBR _beng _cEG-ScBUE _dEG-ScBUE |
||
| 082 | 0 | 4 |
_222 _a658.150285554 _bFAI |
| 100 | 1 | _aFairhurst, Danielle Stein. | |
| 245 | 1 | 0 |
_aUsing Excel for business analysis : _ba guide to financial modelling fundamentals / _cDanielle Stein Fairhurst. |
| 250 | _aRevised ed. | ||
| 260 |
_aSingapore : _bJohn Wiley & Sons Singapore Pte. Ltd., _cc.2015. |
||
| 300 |
_ax, 430 p. : _bill. ; _c23 cm. |
||
| 490 | 0 | _aWiley finance series. | |
| 500 | _aIndex : p. 425-430. | ||
| 506 | _aAccess restricted by licensing agreement. | ||
| 590 | _aSAMEH | ||
| 650 | 7 |
_aCorporations _xFinance _xComputer programs. _2BUEsh |
|
| 653 |
_bBUSADM _cOctober2016 |
||
| 942 | _2ddc | ||
| 999 |
_c22742 _d22714 |
||